Reprezentacje Na Mistrzostwach Świata 2023 W Piłce Ręcznej - Statystyki

Ogólne statystyki
  • Ten quiz został rozwiązany 63 razy
  • Średni wynik to 23 z 32
Statystyki odpowiedzi
Grupy Odpowiedź % Poprawnych
Grupa B Polska
100%
Grupa A Hiszpania
97%
Grupa B Francja
95%
Grupa C Szwecja
95%
Grupa C Brazylia
93%
Grupa F Norwegia
93%
Grupa H Dania
91%
Grupa E Niemcy
91%
Grupa G Usa
90%
Grupa F Argentyna
88%
Grupa B Słowenia
81%
Grupa D Portugalia
79%
Grupa H Belgia
78%
Grupa G Egipt
78%
Grupa F Holandia
76%
Grupa E Serbia
74%
Grupa D Węgry
74%
Grupa G Chorwacja
72%
Grupa B Arabia Saudyjska
71%
Grupa A Iran
71%
Grupa E Katar
71%
Grupa H Tunezja
66%
Grupa D Korea Południowa
62%
Grupa G Maroko
62%
Grupa A Chile
60%
Grupa C Urugwaj
60%
Grupa D Islandia
59%
Grupa F Macedonia Północna
59%
Grupa A Czarnogóra
57%
Grupa E Algieria
55%
Grupa H Bahrajn
26%
Grupa C Wyspy Zielonego Przylądka
16%
Nie znaleziono quizów pasujących do podanych kryteriów
Rozkład punktacji
Procent ludzi z każdym wynikiem
Percentyl według liczby udzielonych odpowiedzi
Twoja historia wyników
Nie rozwiązałeś tego quizu